Города Брянской области - Statistics

General Stats
  • This quiz has been taken 52 times
  • The average score is 9 of 16
Answer Stats
Население Город % Correct
373 310 Брянск
100%
63 059 Клинцы
81%
17 687 Стародуб
69%
38 680 Новозыбков
62%
24 274 Унеча
62%
14 991 Почеп
62%
25 255 Дятьково
58%
13 287 Трубчевск
54%
6732 Севск
54%
17 628 Жуковка
50%
11 176 Сураж
50%
6919 Мглин
50%
5270 Злынка
50%
17 449 Карачев
46%
12 538 Фокино
46%
15 906 Сельцо
42%
No matching quizzes found
Score Distribution
Percent of People with Each Score
Percentile by Number Answered
Your Score History
You have not taken this quiz